Pohľadávky a ich účtovanie v roku 2014
Pohľadávky ako súčasť majetku podniku. Členenie, oceňovanie pohľadávok. Účtovanie pohľadávok.
Gespeichert in:
| 1. Verfasser: | |
|---|---|
| Format: | Buchkapitel |
| Sprache: | Slowakisch |
| Schlagworte: | |
| Tags: |
Keine Tags, Fügen Sie das erste Tag hinzu!
|
MARC
| LEADER | 00000naa a2200000 4500 | ||
|---|---|---|---|
| 001 | 0191850 | ||
| 005 | 20240502073223.7 | ||
| 041 | 0 | |a slo | |
| 044 | |a SK | ||
| 245 | 1 | 0 | |a Pohľadávky a ich účtovanie v roku 2014 |c Renáta Pakšiová |
| 520 | |a Pohľadávky ako súčasť majetku podniku. Členenie, oceňovanie pohľadávok. Účtovanie pohľadávok. | ||
| 610 | 2 | 0 | |a účtovanie |
| 610 | 2 | 0 | |a pohľadávky |
| 100 | 1 | |a Pakšiová, Renáta, 1974- | |